[Event "North American-ch U20"]
[Site "Mexico City"]
[Date "2022.12.05"]
[Round "8"]
[White "Zaragoza Alanis, Miguel Arnulfo"]
[Black "Sanchez Ramirez, Alfredo"]
[Result "0-1"]
[WhiteElo "1800"]
[BlackElo "1663"]
[PlyCount "90"]
[EventDate "2022.12.02"]
[EventType "swiss"]
[EventRounds "9"]
[EventCountry "MEX"]
[SourceTitle "EXT 2024"]
[Source "ChessBase"]
[SourceDate "2023.10.10"]
[SourceVersion "1"]
[SourceVersionDate "2023.10.10"]
[SourceQuality "1"]

1. e4 c5 2. Nf3 Nc6 3. d4 cxd4 4. Nxd4 g6 5. c4 Nf6 6. Nc3 d6 7. Be2 Nxd4 8. Qxd4 Bg7 9. Be3 0-0 10. Qd2 Be6 11. f3 Rc8 12. b3 d5 13. Rd1 dxe4 14. Qxd8 Rfxd8 15. Rxd8+ Rxd8 16. Nxe4 Nxe4 17. fxe4 Be5 18. Kf2 Kg7 19. h3 Kf6 20. Rd1 Rc8 21. Bg4 h5 22. Bxe6 Kxe6 23. Rd5 h4 24. Ke2 f6 25. Bxa7 Ra8 26. Ra5 Bc7 27. Ra4 b6 28. c5 b5 29. Ra6+ Kd7 30. c6+ Kc8 31. Ra3 Bb6 32. Ra6 Bxa7 33. a4 bxa4 34. b4 Rb8 35. Rxa7 Rxb4 36. Rxe7 a3 37. Kd3 Ra4 38. Re8+ Kc7 39. Re7+ Kxc6 40. Re6+ Kc5 41. Rxf6 a2 42. Rxg6 a1Q 43. Rg5+ Kb4 44. e5 Kc5 45. e6+ Kd6 0-1